Arquitectura en el Palau Güell /
Descripción Física:
Il·lustracions
Colección:
San Jorge,
; núm. 15 (juliol 1954), pàg 61 - 66
Materias:
Gaudí, Antoni, -- 1852-1926 -- Influència
; Palau Güell (Barcelona)
; Modernisme (Arquitectura) -- Barcelona (Catalunya)
Idioma:
Español
MARC
| LEADER | 00000naa a2200000 a 4500 | ||
|---|---|---|---|
| 003 | Arxiu | ||
| 005 | 20260324181047.0 | ||
| 008 | 160829s1954 spcaxx spa c | ||
| 040 | |a AGDB | ||
| 100 | 1 | |a Bonet i Garí, Lluís, |d 1893-1993 |9 38368 | |
| 245 | 1 | 0 | |a Arquitectura en el Palau Güell / |c por Bonet-Garí |
| 300 | |b Il·lustracions | ||
| 490 | |a San Jorge, |v núm. 15 (juliol 1954), pàg 61 - 66 | ||
| 500 | |a Información gráfica Publifoto | ||
| 600 | 1 | 0 | |a Gaudí, Antoni, |d 1852-1926 |x Influència |9 54935 |
| 610 | 2 | 0 | |a Palau Güell (Barcelona) |9 17034 |
| 650 | 0 | |a Modernisme (Arquitectura) |z Barcelona (Catalunya) |9 38366 | |
| 773 | |g Núm. 15 (juliol 1954), pàg 61 - 66 |t San Jorge. | ||
| 901 | |a Arxiu | ||
| 942 | |n 1 |2 udc |c ART | ||
| 952 | |0 0 |1 0 |4 0 |6 REV509 |7 1 |9 64985 |a Arxiu |b Arxiu |d 2023-01-10 |l 0 |o Rev-509 |r 2023-01-10 00:00:00 |w 2023-01-10 |y ARXIU |z També disponible a Rev-523 | ||
| 999 | |c 52210 |d 52210 | ||